000 00308nam a22001337a 4500
008 170310b xxu||||| |||| 00| 0 eng d
020 _a0071380760
041 _aeng
080 _26TH
_a616.5
100 _a7
101 _aSHM
245 _aDERMATOLOGY IN GENERAL MEDICINE
_cFREEDBERG, I.M
942 _2udc
_cBK
999 _c7490
_d7490